| Tag |
First Indicator |
Second Indicator |
Subfields |
| LEADER |
00000cam a2200000Ia 4500 |
| 001 |
in00000068863 |
| 005 |
20151008050845.0 |
| 008 |
720131s1963 azuab b 000 0 eng |
| 010 |
|
|
|a 62017991
|
| 035 |
|
|
|a (OCoLC)00230648
|
| 035 |
|
|
|9 AAG3846AM
|
| 040 |
|
|
|a DLC
|c WSU
|d SER
|d SLU
|d AGL
|d STF
|d NIALS
|d TXA
|d UtOrBLW
|
| 043 |
|
|
|a n-us-az
|
| 049 |
|
|
|a TXAM
|c 1 [401858], 2 [A10128938]
|
| 050 |
0 |
0 |
|a HD1694.A7
|b M2
|
| 070 |
0 |
|
|a 292
|b M31
|
| 072 |
|
0 |
|a P200
|
| 082 |
0 |
0 |
|a 333.91
|
| 092 |
|
|
|a 333.91
|b M281p
|
| 100 |
1 |
|
|a Mann, Dean E.
|
| 245 |
1 |
4 |
|a The politics of water in Arizona.
|
| 264 |
|
1 |
|a Tucson :
|b University of Arizona Press,
|c 1963.
|
| 300 |
|
|
|a xiv, 317 pages :
|b illustrations, maps ;
|c 24 cm.
|
| 336 |
|
|
|a text
|b txt
|2 rdacontent
|
| 337 |
|
|
|a unmediated
|b n
|2 rdamedia
|
| 338 |
|
|
|a volume
|b nc
|2 rdacarrier
|
| 504 |
|
|
|a Includes bibliographical references (pages 289-312) and index.
|
| 650 |
|
0 |
|a Water resources development
|z Arizona.
|
| 999 |
|
|
|a MARS
|
| 999 |
f |
f |
|s 302bcfe1-401f-3e3e-90cb-aee7f6be7d06
|i 9671d106-c2e4-368f-bff6-6bb2885d1be0
|t 0
|
| 952 |
f |
f |
|p normal
|a Texas A&M University
|b College Station
|c Sterling C. Evans Library
|d Evans: Library Stacks
|t 0
|e HD1694.A7 M2
|h Library of Congress classification
|i unmediated -- volume
|m A14810128938
|
| 998 |
f |
f |
|a HD1694.A7 M2
|t 0
|l Evans: Library Stacks
|